000
00247nam a2200109Ia 4500
008
200302s9999 xx 000 0 und d
100
_a
Richard Box
245
_a
Basic Drawing Techniques 10
260
_b
Search Press
260
_c
2007
300
_a
48
999
_c
4578
_d
4578